MARC

LEADER 00000nam0a2200000 4500
001 235251
005 20231101231403.0
010 |a 5020119989 
035 |a (RuTPU)RU\TPU\book\256381 
090 |a 235251 
100 |a 20130405d1990 k y0rusy50 ca 
101 0 |a rus 
102 |a RU 
105 |a y z 000zy 
200 1 |a Перестройка: социально-экономические проблемы  |f А. В. Барышева  |g Академия наук СССР (АН СССР), Институт экономики (ИЭ); под ред. Н. А. Климова 
210 |a Москва  |c Наука  |d 1990 
215 |a 152 с. 
606 1 |a Перестройка экономики России  |2 stltpush  |3 (RuTPU)RU\TPU\subj\36599  |9 57922 
610 1 |a экономические ценности 
610 1 |a этические ценности 
610 1 |a взаимосвязь 
610 1 |a проблемы 
610 1 |a социальное развитие 
610 1 |a экономический рост 
610 1 |a хозяйственные реформы 
610 1 |a управление 
610 1 |a производственные отношения 
610 1 |a хозяйственный механизм 
686 |a У9(2)0-961  |v LBC/SL-A  |2 rubbk 
700 1 |a Барышева  |b А. В.  |g Алла Васильевна 
702 1 |a Климов  |b Н. А.  |4 340 
712 0 2 |a Академия наук СССР (АН СССР)  |b Институт экономики (ИЭ)  |c (Москва)  |2 stltpush  |3 (RuTPU)RU\TPU\col\11342 
801 1 |a RU  |b 63413507  |c 20130405 
801 2 |a RU  |b 63413507  |c 20130409  |g RCR 
942 |c BK